000 00303nam a2200133Ia 4500
008 230917s9999||||xx |||||||||||||| ||und||
040 _e146445
_aMAIN
041 _aEnglish
082 _a301.451 H876H
100 _aHukam Singh
245 0 _aHistory of the Jats; V1
300 _a182p. p.
942 _cBK
999 _c46463
_d46463